00577nam a2200169Ia 4500999001700000082001200017100002000029245006800049260003200117300002200149650004100171650003300212650003000245710001900275942001200294952010100306 c17113d17113 aTD.0090 aDharmawat, B.L. 0aMobilisation of rural deposits by commercial banks in Rajasthan c1979bUniversity of Udaipur a165p. + C D - 68 aBANKS AND BANKING, RURAL - RAJASTHAN aRAJASTHAN - RURAL CONDITIONS aBANK DEPOSITS - RAJASTHAN aTripathi, P.C. cTH2ddc 00104070aNASSDOCbNASSDOCd2004-10-08l0oTD.0090p13903r2019-04-18 00:00:00w2019-04-18yTH